Представление документа в формате RUSMARC

ПолеНазваниеЗначение
  Тип записи a
  Библиографический уровень a
001 Контрольный номер c0d089c383c1427995c04345cd6d3ce7
005 Дата корректировки 20250909115129.6
100 Данные общей обработки __
a Данные общей обработки 20250909 ||| 0rusy0189 ca
101 Язык документа 0_
a Язык текста rus
102 Страна публикации __
a Страна публикации RU
200 Заглавие и сведения об ответственности 1_
a Заглавие Оман: в гостях у Синдбада
e Сведения, относящиеся к заглавию [султанат Оман: история и природа]
f Первые сведения об ответственности К. Скобелева, Н. Бодрова
461 Уровень набора _0
1 2000
a Маруся
463 Уровень физической единицы _0
1 2000
a № 8 (388)
v С. 30-33 : фот.
1 2101
d 2025
1 001a1af7680e3bf4d3888947664c98fd4d3
606 Тематические рубрики 0_
a Основная рубрика Азия - Оман
y Географическая подрубрика Оман, страна
y Географическая подрубрика Маскат, город, Оман
610 Ключевые слова 0_
a Ключевые слова достопримечательности Омана, азиатские страны, султанаты, ладанные деревья, ладан
686 Индексы других классификаций __
a Классификационный индекс 26.89(5Ома)
700 Автор _1
a Фамилия Скобелева
b Имя (инициалы) К.
g Полное личное имя Катерина
701 Альтернативная интеллектуальная ответственность _1
a Фамилия Бодрова
b Имя (инициалы) Н.
g Полное личное имя Нина
801 Источник записи _0
a Страна RU
b Организация УОБДЮ
c Дата составления 20250909
g Правила каталогизации RCR
801 Источник записи _1
a Страна RU
b Организация УОБДЮ
c Дата составления 20250909
g Правила каталогизации RCR
901 Тип документа __
t Тип документа b
w Контрольный № источника a1af7680e3bf4d3888947664c98fd4d3
905 Данные по созданию БЗ __
b Логин пользователя, который создал БЗ ibo4
909 Создатель записи __
a Создатель записи Бобылёва И.В.
910 Корректоры записи __
a Корректор записи Бобылёва И.В.